000 00742nam a22002297a 4500
999 _c65092
_d65092
005 20240530110806.0
008 190115s2018 ua a g 000 0 ara d
017 _a2017/20395
_bمصر. دار الكتب
020 _a9789776539532
040 _aEG-CaGPL
_cEG-CaGPL
082 0 4 _221
_a901 /
_bك م
100 1 _aكار ، ادوارد
245 1 0 _aما هو التاريخ /
_cادوارد كار ؛ ترجمة ريهام عبدالمعبود
250 _aط.1
260 _aالقاهرة :
_c2018 .
300 _a171 ص. :
_bايض ؛
_c24 سم.
650 0 7 _2qrmak
_aالتاريخ
651 _2qrmak
700 0 _aريهام عبدالمعبود
_eمترجم
942 _2ddc
_cBK